Statics : (Record no. 167934)

MARC details
000 -LEADER
fixed length control field 00745nam a22002297a 4500
005 - DATE AND TIME OF LATEST TRANSACTION
control field 20190923163150.0
010 ## - LCCN (DPL NO)
LC control number ENG-126518
020 ## - INTERNATIONAL STANDARD BOOK NUMBER
Terms of availability 775.00
International Standard Book Number 9789353166595
035 ## - SYSTEM CONTROL NUMBER
System control number EN-110050
037 ## - SOURCE OF ACQUISITION
Source of stock number/acquisition DBAD/PUB
082 ## - DEWEY DECIMAL CLASSIFICATION NUMBER
Classification number 620.103
Edition number 12th
100 ## - MAIN ENTRY--PERSONAL NAME
Personal name Beer, Ferdinand P
245 ## - TITLE STATEMENT
Title Statics :
Statement of responsibility, etc Ferdinand P.Beer...[et.,all]
260 ## - PUBLICATION, DISTRIBUTION, ETC. (IMPRINT)
Place of publication, distribution, etc Tamil Nadu
Name of publisher, distributor, etc McGraw Hill Education
Date of publication, distribution, etc 2018
270 ## - ADDRESS
City Chennai
Address 444/1, Sri Ekambara Naicker Industrial Estate, Alapakkam Porur
Postal code 600116
Electronic mail address info.india@mheducation.com
Telephone number 18001035875
300 ## - PHYSICAL DESCRIPTION
Extent xii614p.
Dimensions 24cm,(pbk)
500 ## - GENERAL NOTE
General note Includes index
700 ## - ADDED ENTRY--PERSONAL NAME
Personal name Jr., E. Russell John
700 ## - ADDED ENTRY--PERSONAL NAME
Personal name Mazurek, David F.
700 ## - ADDED ENTRY--PERSONAL NAME
Personal name Sanghi, Sanjeev
942 ## - ADDED ENTRY ELEMENTS (KOHA)
Source of classification or shelving scheme Dewey Decimal Classification
Item type English Books
Classification part 620.103
Call number suffix BEE
Holdings
Withdrawn status Lost status Not for loan Collection code Home library Current library Date acquired Source of acquisition Cost, normal purchase price Full call number Barcode Copy number Cost, replacement price Koha item type
      Non-fiction Sarojini Nagar Sarojini Nagar 23/09/2019 DBAD/PUB 775.00 620.103 BEE EN-110050 1 775.00 English Books

© Delhi Public Library
Hit Counter
free hit counter